[Event "10th KiiT Festival 2017"]
[Site "Bhubaneshwar"]
[Date "2017.05.27"]
[Round "3"]
[White "Karthik Venkataraman"]
[Black "Krishnater Kushager"]
[Result "1/2-1/2"]
[WhiteElo "2317"]
[BlackElo "1953"]
[Annotator "NA"]
[PlyCount "59"]
[EventDate "2017.05.26"]
[EventType "swiss"]
[EventCountry "IND"]
[SourceTitle "playchess.com"]
[Source "ChessBase"]
[SourceQuality "1"]
[TimeControl "5400+30"]

1. b4 d5 2. Bb2 Nf6 3. g3 Bf5 4. Bg2 Nbd7 5. Nf3 e6 6. a3 h6 7. O-O Bd6 8. d3 O-O 9. c4 c6 10. Nc3 a5 11. e4 Bg4 12. cxd5 exd5 13. exd5 axb4 14. axb4 Rxa1 15. Qxa1 cxd5 16. Nh4 Qa8 17. Qb1 g5 18. Nf3 Bxb4 19. Nd4 Qa5 20. Ncb5 Nc5 21. Nd6 Na4 22. N6f5 Kh7 23. h3 Bh5 24. h4 Nxb2 25. Qxb2 Bc3 26. Qxb7 Qb4 27. Qa7 Bxd4 28. Nxd4 gxh4 29. Ne6 Rg8 30. Nf4 1/2-1/2

[Event "10th KiiT Festival 2017"]
[Site "Bhubaneshwar"]
[Date "2017.05.27"]
[Round "3"]
[White "Aradhya, Garg"]
[Black "Shahil Dey"]
[Result "1/2-1/2"]
[WhiteElo "2304"]
[BlackElo "1755"]
[Annotator "NA"]
[PlyCount "64"]
[EventDate "2017.05.26"]
[EventType "swiss"]
[EventCountry "IND"]
[SourceTitle "playchess.com"]
[Source "ChessBase"]
[SourceQuality "1"]
[TimeControl "5400+30"]

1. d4 d5 2. c4 c6 3. Nf3 Nf6 4. Nc3 dxc4 5. a4 Bf5 6. Ne5 Nbd7 7. Nxc4 Qc7 8. g3 e5 9. dxe5 Nxe5 10. Bf4 Nfd7 11. Bg2 g5 12. Ne3 gxf4 13. Nxf5 O-O-O 14. O-O Bc5 15. Ne4 fxg3 16. hxg3 Nf6 17. Qc2 Nxe4 18. Bxe4 Nd7 19. a5 a6 20. Ra4 Kb8 21. Rc4 Rde8 22. Rd1 Re5 23. Kg2 Nf6 24. Bf3 Qxa5 25. Rc1 Nd7 26. Nh6 Rf8 27. Qd1 Qc7 28. Ng4 Rg5 29. Qd2 Rfg8 30. b4 h5 31. bxc5 hxg4 32. Be4 Nf6 1/2-1/2

[Event "10th KiiT Festival 2017"]
[Site "Bhubaneshwar"]
[Date "2017.05.27"]
[Round "3"]
[White "Sammed Jaykumar, Shete"]
[Black "Amonatov, Farrukh"]
[Result "0-1"]
[WhiteElo "2263"]
[BlackElo "2632"]
[Annotator "TA"]
[PlyCount "128"]
[EventDate "2017.05.26"]
[EventType "swiss"]
[EventCountry "IND"]
[SourceTitle "playchess.com"]
[Source "ChessBase"]
[SourceQuality "1"]

{[%evp 16,128,-6,10,55,17,5,8,17,20,25,9,23,16,29,0,0,0,0,0,0,0,0,-11,-11,-26,-26,-27,-21,-39,-35,-39,-32,-45,-42,-64,-58,-64,-58,-82,-84,-84,-84,-94,-60,-56,-35,-40,-32,-62,-67,-47,-48,-80,-73,-68,-82,-86,-43,-65,-73,-83,-30,-77,0,-36,-44,-80,-81,-73,-49,-104,-104,-104,-104,-104,-100,-115,-104,-120,-120,-120,-122,-122,-114,-117,-104,-112,-110,-110,-108,-252,-248,-199,-231,-212,-188,-383,-371,-608,-645,-1091,-1113,-12833,-12833,-12837,-12837,-12835,-12835,-6187,-9490,-12836,-12837,-12562,-12836]} 1. e4 c5 2. Nf3 d6 3. d4 cxd4 4. Nxd4 Nf6 5. Nc3 a6 6. h3 e5 7. Nde2 h5 {B90: Sicilian Najdorf: Unusual White 6th moves, 6 Be3 Ng4 and 6 Be3 e5} 8. Nd5 Nxd5 9. Qxd5 {LiveBook: 9 Games} Be7 {The position is equal.} (9... Nc6 {seems wilder.} 10. Qd1 Be6 11. Nc3 Ne7 12. Bg5 f6) 10. Qd1 $146 (10. Nc3 {looks sharper.} Nc6 11. Be3 Be6 12. Qd2 Nd4 13. O-O-O) ({Predecessor:} 10. Nc3 Nc6 11. Qd1 Be6 12. Nd5 Rc8 13. c3 Bg5 14. Be2 Bxc1 15. Rxc1 {0-1 (32) Tuncer,T (2325)-Kovchan,A (2577) Skopje 2017}) 10... Be6 11. Nc3 Nd7 12. Be2 Nf6 13. Bf3 Rc8 14. O-O g6 15. Bg5 Nh7 16. Bxe7 Qxe7 17. Qd2 O-O 18. Rad1 Rfd8 19. Rfe1 Qg5 20. Kh2 Qxd2 21. Rxd2 Kf8 22. Re3 Nf6 23. Nd1 Ke7 ({Reject} 23... Bxa2 $6 24. b3 $14) 24. a3 b5 25. Rc3 a5 26. Rxc8 Rxc8 27. c3 Bd7 28. g3 Bc6 29. Re2 Nd7 30. Bg2 Nc5 31. h4 Rb8 32. f3 b4 33. axb4 axb4 34. Rd2 bxc3 35. bxc3 Rb1 36. Ne3 Rc1 37. Rc2 Re1 38. Nc4 Bd7 (38... f5 $17 {[%cal Rf5e4]} 39. exf5 gxf5) 39. Rd2 Nb3 (39... Rc1 $17 40. Nb6 Be6) 40. Rb2 Be6 41. Nb6 Rc1 42. c4 Rc3 (42... Na5 {feels hotter.} 43. Nd5+ Kd7 44. Ra2 Nxc4 45. Bh3 Re1) 43. Na4 ({Better is} 43. Nd5+ $15 Bxd5 44. cxd5) 43... Rxc4 $17 44. Rxb3 {[#] Threatens to win with Nc3.} Rxa4 {[%mdl 4096] Endgame KRB-KRB} 45. Rb7+ Kd8 46. Rb2 Ra3 47. Rd2 Ke7 48. Kg1 f5 {[%cal Bf7f5,Bf5f4][%mdl 32] [#] Hoping for ...fxe4.} 49. Kf2 f4 50. Bf1 Rb3 51. Be2 Rb6 52. Rc2 Kf6 53. g4 (53. Kg2 $17) 53... hxg4 $19 54. fxg4 g5 55. h5 d5 56. exd5 $2 (56. Bf3 {is a better defense.} dxe4 57. Bxe4) 56... Bxd5 57. Rd2 $2 (57. Rc5 Bc6 58. Kg1) 57... Ke6 {Black is clearly winning.} 58. Rc2 e4 {[%cal Be5e4,Be4e3][%mdl 32] White must now prevent ...e3+.} 59. Bc4 e3+ 60. Ke2 Bxc4+ 61. Rxc4 Rb2+ 62. Kd3 Rd2+ 63. Kc3 Rg2 64. Kd3 Rxg4 {Precision: White = 46%, Black = 68%.} 0-1

[Event "10th KiiT Festival 2017"]
[Site "Bhubaneshwar"]
[Date "2017.05.27"]
[Round "3"]
[White "Sahoo, Utkal Ranjan"]
[Black "Debashis, Das"]
[Result "1-0"]
[WhiteElo "2256"]
[BlackElo "2496"]
[Annotator "TA"]
[PlyCount "143"]
[EventDate "2017.05.26"]
[EventType "swiss"]
[EventCountry "IND"]
[SourceTitle "playchess.com"]
[Source "ChessBase"]
[SourceQuality "1"]

{[%evp 20,143,-10,-16,-12,-13,-12,-8,0,-10,-3,-52,-10,-11,-12,-35,0,-36,-34,-33,-33,-64,-65,-62,0,0,0,-19,-19,-19,-19,-19,-19,-19,-19,-19,-19,-50,-27,-26,-36,-41,-19,-19,-19,-19,-19,-31,-21,-27,-25,-28,-15,-33,0,-20,0,0,10,0,11,0,41,25,31,0,0,0,19,0,106,123,113,0,0,-1,217,214,216,201,156,186,308,265,227,0,0,-20,0,0,0,0,0,0,208,190,331,336,301,271,819,-120,80,115,225,236,2011,2056,2003,2013,1416,1333,1333,886,1118,-867,0,0,1856,1834,1617,1125,29995,1910,29996,29997]} 1. d4 Nf6 2. c4 e6 3. Nf3 b6 4. Nc3 Bb7 5. Qc2 Bb4 6. a3 Bxc3+ 7. Qxc3 O-O 8. Bg5 {[%cal Bc1g5,Bg5h4,Bh4g3][%mdl 32]} d6 9. e3 Nbd7 10. Be2 h6 11. Bh4 g5 {E32: Nimzo-Indian: Classical (4 Qc2): 4...0-0} 12. Bg3 Ne4 13. Qc2 f5 {The position is equal.} 14. O-O-O (14. Nd2 Qf6 15. f3 Nxg3 16. hxg3 c5 17. dxc5 bxc5 18. O-O-O Rab8 19. Nb1 {½-½ (31) Schmidt,W (2332)-Grigoriants,S (2570) Wroclaw 2014}) 14... Qf6 15. Bd3 Kg7 $146 ({Predecessor:} 15... Rae8 16. Qa4 Re7 17. Bxe4 Bxe4 18. Rhg1 b5 19. cxb5 {0-1 (55) Dzenis,J (2173)-Fedukin,A (2221) ICCF email 2012}) 16. Ne1 Nxg3 17. hxg3 e5 18. dxe5 Nxe5 19. Be2 Rae8 20. Qc3 a5 21. f3 Ba6 (21... g4 $15) 22. Nc2 $11 Nc6 23. Qxf6+ (23. Qd2 {feels hotter.} Bc8 24. Kb1 a4 25. Bd3 Na5 26. Nb4) 23... Rxf6 24. b4 {b5 is the strong threat.} Ne5 25. b5 Bc8 26. Kd2 Be6 27. Kc3 Bf7 28. Rhe1 Nd7 29. Bd3 Nc5 30. Nd4 Bg6 31. Bc2 Rf7 32. Re2 h5 33. Rde1 Kf6 34. Rf1 Rfe7 35. Rfe1 g4 36. Nc6 Re6 37. Kd2 gxf3 38. gxf3 Rg8 39. Rh2 Ree8 40. Rh4 Rg7 (40... Bf7 $5 {[%cal Rg8g3]}) 41. Nd4 Ne6 42. Nxe6 Rxe6 43. Rf4 Re5 44. g4 d5 (44... hxg4 $11 {remains equal.} 45. fxg4 d5) 45. gxf5 $16 Bf7 46. cxd5 (46. Rd4 $1 $16) 46... Rxd5+ $11 47. Bd3 $1 Be8 $2 (47... Rg2+ $11 {and Black is okay.} 48. Re2 Rg8) 48. e4 $18 Rg2+ 49. Ke3 Rc5 50. Rh4 $1 Ra2 (50... Ke7 {was necessary.}) 51. Kf4 Re5 52. Ke3 $2 (52. Rc1 $18) 52... Rxa3 $11 53. f4 Rc5 54. e5+ {[%cal Be4e5,Be5e6][%mdl 32]} Kf7 55. Rxh5 {Threatens to win with Rh7+.} Bxb5 56. Rd1 {Black must now prevent f6.} Rcc3 $2 (56... Rd5 $1 $11 {and Black has nothing to worry.} 57. e6+ Ke8) 57. e6+ $18 Kf6 (57... Ke7 $142) 58. Rh7 $1 {[%csl Ge6][%cal Rh7f7]} ({Wrong is} 58. Rh6+ $2 Ke7 $19) 58... Be8 ({Don't play} 58... Rxd3+ 59. Rxd3 Rxd3+ 60. Ke4) 59. Rh6+ $1 Kg7 $2 (59... Ke7) 60. Rh3 $2 ({White must play} 60. f6+ $1 $18 Kxh6 61. Rh1+ Bh5 62. f7 Rxd3+ 63. Ke4) 60... Kf6 $2 {[#]} (60... Bb5 $1 $17 {[%cal Rc3d3]} 61. Rg1+ Kf8 62. Rh8+ Ke7 63. Rg7+ Kd6 64. Rd8+ Kc6) 61. Kd4 $1 $16 {And now Rh6+ would win.} c5+ (61... Rcb3 $16) 62. Kd5 $18 c4 $2 (62... Bh5) 63. Rh6+ Kg7 64. f6+ Kxh6 65. Rh1+ Bh5 66. Rxh5+ Kxh5 67. f7 $4 {[%mdl 8192]} (67. Be4 $18 Rd3+ 68. Ke5) 67... Rxd3+ $2 ({Black should play} 67... cxd3 $19 68. f8=Q d2 69. Qf5+ Kh4 70. Qg5+ Kh3 71. Qh5+ Kg3) 68. Ke4 $1 $11 Rd6 $2 {[%mdl 8192]} (68... Kg4 $11 69. f8=Q Re3+ 70. Kd5 Ra2 71. Kxc4 Rae2) 69. f8=Q $18 Rxe6+ {[#]} 70. Kf5 $1 {Qh8+ would kill now.} Rae3 71. Qh8+ Rh6 72. Qg7 {Precision: White = 59%, Black = 42%.} 1-0

[Event "10th KiiT Festival 2017"]
[Site "Bhubaneshwar"]
[Date "2017.05.27"]
[Round "3"]
[White "Singh, S  Vikramjit"]
[Black "Nguyen, Duc Hoa"]
[Result "1-0"]
[WhiteElo "2213"]
[BlackElo "2481"]
[Annotator "TA"]
[PlyCount "53"]
[EventDate "2017.05.26"]
[EventType "swiss"]
[EventCountry "IND"]
[SourceTitle "playchess.com"]
[Source "ChessBase"]
[SourceQuality "1"]

{[%evp 20,53,35,11,321,307,335,222,200,210,281,173,230,141,270,241,384,386,462,424,689,693,1330,1325,1330,1231,1344,1311,2048,2025,1906,1906,1664,1585,1379,1346]} 1. d4 d5 2. c4 e6 3. Nc3 c6 4. e4 dxe4 5. Nxe4 Bb4+ 6. Bd2 Qxd4 7. Bxb4 Qxe4+ 8. Be2 Na6 9. Bd6 e5 {D31: Queen's Gambit Declined: Semi-Slav without ...Nf6 (+ Marshall Gambit and Noteboom) and Exchange Variation lines without ...Nf6} 10. Nf3 Bg4 11. O-O {[%mdl 1024] LiveBook: 22 Games. Qb3 is the strong threat. White has compensation.} f6 $146 {[%mdl 8192] [#]} (11... O-O-O $1 $11 12. Bd3 Qf4 13. Bxe5 Qxe5 14. Nxe5 Bxd1 15. Raxd1 (15. Rfxd1 Nh6 $11) 15... Nh6) ({Predecessor:} 11... O-O-O 12. Bd3 Qf4 13. Bxe5 Qxe5 14. Nxe5 Bxd1 15. Bf5+ Kc7 16. Nxf7 Bh5 17. Nxd8 Kxd8 {1-0 (36) Aronian,L (2752)-Vallejo Pons,F (2650) Morelia/Linares 2006}) 12. Re1 $1 $18 Nh6 13. c5 Qd5 14. Qc2 Bxf3 15. Bxf3 Qe6 (15... Qf7 $142 16. Be4 O-O-O) 16. Qa4 O-O-O (16... Nf5 $16 {was called for.}) 17. Be2 Nc7 (17... Nf7 $142 18. Bxa6 Nxd6) 18. Bc4 Qg4 19. h3 {White is clearly winning.} Qf4 (19... Qd4 $142 20. Rad1 b5) 20. Rad1 a6 21. Bxc7 Rxd1 22. Rxd1 ({Weaker is} 22. Qxd1 Qxc4 23. Bb6 Nf5 $17) 22... Kxc7 23. Qa5+ Kb8 {[#]} 24. Bxa6 $1 {[%mdl 512] Intending Rd8+ and mate.} Qf5 (24... bxa6 25. Qb6+) 25. Bxb7 Qc2 26. Rd2 Qc1+ 27. Kh2 {Precision: White = 89%, Black = 25%.} 1-0

[Event "10th KiiT Festival 2017"]
[Site "Bhubaneshwar"]
[Date "2017.05.27"]
[Round "3"]
[White "Aronyak Ghosh"]
[Black "Shyaamnikhil P"]
[Result "1/2-1/2"]
[WhiteElo "2191"]
[BlackElo "2457"]
[Annotator "TA"]
[PlyCount "52"]
[EventDate "2017.05.26"]
[EventType "swiss"]
[EventCountry "IND"]
[SourceTitle "playchess.com"]
[Source "ChessBase"]
[SourceQuality "1"]

{[%evp 28,52,-6,-14,0,0,0,0,0,-11,-5,-13,-13,-23,-32,-18,-24,-22,-16,-24,-16,-17,-22,-58,0,-21,0]} 1. Nf3 g6 2. g3 Bg7 3. Bg2 e5 4. O-O Nc6 5. c4 f5 6. Nc3 Nf6 7. d3 O-O 8. Rb1 a5 9. a3 d6 10. Bg5 h6 11. Bxf6 Qxf6 12. Nd5 Qd8 13. b4 axb4 {A26: English Opening vs King's Indian with ...Nc6 and d3} 14. axb4 Ne7 15. Nd2 {LiveBook: 3 Games} c6 16. Nxe7+ $1 Qxe7 17. b5 Qc7 18. Qb3 Be6 19. bxc6 bxc6 20. Qb6 Rfc8 $1 {[%cal Bf8c8,Bc8c7,Bc7b7][%mdl 32]} 21. Qxc7 Rxc7 22. Ra1 $146 Rxa1 23. Rxa1 d5 24. Rc1 {[#] Black must now prevent cxd5.} Rb7 25. Rb1 Rc7 26. Rc1 {Hoping for cxd5.} Rb7 1/2-1/2

[Event "10th KiiT Festival 2017"]
[Site "Bhubaneshwar"]
[Date "2017.05.27"]
[Round "3"]
[White "Jayakumaar S"]
[Black "Laxman, R R"]
[Result "0-1"]
[WhiteElo "2182"]
[BlackElo "2417"]
[Annotator "TA"]
[PlyCount "184"]
[EventDate "2017.05.26"]
[EventType "swiss"]
[EventCountry "IND"]
[SourceTitle "playchess.com"]
[Source "ChessBase"]
[SourceQuality "1"]

{[%evp 9,184,26,28,25,27,26,37,35,29,0,-1,-4,-6,-20,-18,-22,-26,-22,-8,-17,0,0,8,12,16,16,12,-20,-12,-89,-89,-74,0,0,26,-103,-29,-29,-32,-44,-52,-43,-60,-45,-21,-85,-79,-83,-14,-152,-148,-145,-137,-143,-139,-162,-154,-156,-153,-160,-160,-207,-199,-350,-349,-307,-261,-236,-227,-372,-423,-419,-420,-414,-403,-356,-381,-439,-439,-432,-11,-208,-206,-439,-439,-439,-439,-439,-432,-432,-432,-432,-432,-425,-417,-417,-417,-410,-409,-403,-362,-340,-326,-12837,-12838,-12838,-12839,-12838,-12838,-12838,-12839,-12839,-12839,-12840,-12840,-12841,-12842,-12843,-12843,-12844,-12844,-12845,-12841,-12841,-12839,-12840,-12840,-12841,-12841,-12841,-12842,-12842,-12843,-12843,-12842,-12842,-12839,-12840,-12840,-12841,-12839,-12840,-12838,-12839,-12839,-12840,-12840,-12841,-12839,-12841,-12841,-12841,-12842,-12843,-12843,-12845,-12845,-12845,-12842,-12842,-12842,-12842,-12843,-12843,-12843,-12844,-12844,-12845,-12845,-12846,-12846,-12846,-12847,-12850,-12848,-12849,-12849]} 1. b3 d5 2. Bb2 Nc6 3. e3 Nf6 4. Bb5 (4. d3 g6 5. Nd2 Bg7 6. a3 O-O 7. Be2 e5 8. g4 Re8 9. h4 h6 10. Nh3 Nh7 11. h5 g5 {0-1 (39) Vasilevich,I (2305)-Kosteniuk,A (2534) Rome 2015}) 4... Bd7 5. Nf3 a6 6. Bxc6 {A01: Nimzowitsch-Larsen Opening} Bxc6 7. Ne5 Qd6 8. O-O $146 {White is slightly better.} ({Predecessor:} 8. Nxc6 Qxc6 9. d3 e6 10. Nd2 Be7 11. Nf3 O-O {1-0 (40) Yu,X (102)-Bansal,D (102) Aberystwyth 2014}) 8... Nd7 9. f4 Nxe5 10. fxe5 Qg6 11. d4 f6 {[%cal Bf7f6,Bf6f5,Bf5f4][%mdl 32]} 12. Nd2 e6 13. Nf3 f5 14. a4 Be7 15. Ba3 Qh6 16. Qe1 Bxa3 17. Rxa3 O-O 18. b4 f4 19. Qh4 (19. a5 $11) 19... Qxh4 $17 (19... fxe3 $6 20. Qxh6 gxh6 21. Re1 $11) 20. Nxh4 g5 (20... fxe3 $17 21. Nf3 Rf4) 21. Nf3 $11 g4 22. Ng5 (22. Ne1 $1 $11) 22... Rae8 (22... Bd7 $1 $17 23. Rxf4 Rxf4 24. exf4 h6) 23. exf4 h6 $36 {[%mdl 2048] Black is more active.} 24. Nxe6 $1 Rxe6 25. f5 Re7 26. f6 Ree8 27. h3 (27. Rc3 $11 {keeps the balance.}) 27... Kf7 $17 28. hxg4 Rg8 (28... Rh8 $17) 29. Rf4 (29. Rh3 $11 {remains equal.}) 29... Bd7 30. Rc3 Rc8 31. Rh3 {[#]} Rg6 $1 (31... Rxg4 32. Rxg4 Bxg4 33. Rxh6 $15) (31... Bxa4 32. c4 $15) 32. c4 Bxg4 ({Much less strong is} 32... Rxg4 33. Rxg4 Bxg4 34. Rg3 $15) 33. Rg3 Be6 ({Not} 33... dxc4 $2 34. Rfxg4 Rxg4 35. Rxg4 $18) 34. Rxg6 Kxg6 35. cxd5 Bxd5 {[%mdl 4096] Endgame KRB-KR} 36. Rg4+ $2 (36. Kh2 {was necessary.}) 36... Kf5 $19 37. Rg7 Rg8 38. Rd7 Ke4 ({Avoid the trap} 38... Rxg2+ $2 39. Kf1 $16) 39. Rxc7 (39. b5 $142) 39... Kxd4 40. f7 Rf8 41. e6 Bxe6 42. Rxb7 Bc4 (42... Rxf7 $2 43. Rb6 $19) 43. b5 axb5 44. axb5 Kc5 $2 (44... Rxf7 $19 45. Rxf7 Bxf7) 45. b6 $2 (45. Kh2 $1 $11) 45... Bxf7 {Strongly threatening ...Kc6.} 46. Rd7 $2 (46. g4 {only move.}) 46... h5 47. b7 {[#] And now Rc7+ would win.} Be6 $1 {[%cal Re6d7]} 48. Rg7 Bg4 49. Kh2 Kb6 50. Kg3 Ka7 51. Kh4 Rb8 52. Rh7 Rxb7 53. Rh6 Rb5 54. Rc6 Kb7 55. Rc3 Rb6 56. g3 $2 (56. Rc2) 56... Rc6 {Black is clearly winning.} 57. Rd3 Kc7 58. Rd5 Bf3 {( -> ...Rc4+)} 59. Rf5 Rc4+ 60. Kg5 Bg4 61. Rd5 Kc6 62. Rd3 Kc5 63. Rd8 Rd4 64. Rh8 Kc4 65. Kh4 Be2+ 66. Kh3 Bf1+ 67. Kh2 Rd2+ 68. Kg1 Be2 69. Kf2 Bg4+ 70. Ke3 Rd3+ 71. Kf2 Kc3 72. Ra8 Kc2 73. Ra2+ Kb1 74. Ra7 Rf3+ 75. Kg2 Rf5 76. Rc7 Kb2 77. Rc4 Kb3 78. Rc7 Kb4 79. Rc1 Rc5 80. Rb1+ Kc3 81. Ra1 Kd3 82. Kf2 Rc2+ 83. Kf1 Ke4 84. Ra4+ Kd5 85. Ra5+ Kd4 86. Ra4+ Rc4 87. Ra8 Bf3 88. Ra3 Be4 89. Ke2 Rc2+ 90. Kf1 Rc3 91. Ra5 Ke3 {[%cal Rc3c1]} 92. Ra1 Kf3 {Precision: White = 42%, Black = 66%.} 0-1

[Event "10th KiiT Festival 2017"]
[Site "Bhubaneshwar"]
[Date "2017.05.27"]
[Round "3"]
[White "Dhananjay S"]
[Black "Das, Sayantan"]
[Result "0-1"]
[WhiteElo "2167"]
[BlackElo "2396"]
[Annotator "NA"]
[PlyCount "58"]
[EventDate "2017.05.26"]
[EventType "swiss"]
[EventCountry "IND"]
[SourceTitle "playchess.com"]
[Source "ChessBase"]
[SourceQuality "1"]
[TimeControl "5400+30"]

1. c4 c5 2. g3 Nc6 3. Bg2 g6 4. Nc3 Bg7 5. a3 d6 6. Rb1 e6 7. d3 Nge7 8. Nf3 b6 9. Bd2 Bb7 10. O-O Qd7 11. b4 Rd8 12. Nb5 Ba8 13. Bf4 e5 14. Bd2 h6 15. Qc1 g5 16. Ne1 O-O 17. Nc2 Kh7 18. a4 Nd4 19. Nbxd4 exd4 20. Bxa8 Rxa8 21. a5 Rae8 22. bxc5 bxc5 23. Qb2 Nc6 24. Rfe1 Re7 25. a6 Qc8 26. Qa3 Rfe8 27. e4 Ne5 28. Kg2 Qg4 29. Rb3 Qf3+ 0-1

[Event "10th KiiT Festival 2017"]
[Site "Bhubaneshwar"]
[Date "2017.05.27"]
[Round "3"]
[White "Nayak Rajesh"]
[Black "Mitrabha, Guha"]
[Result "1-0"]
[WhiteElo "2067"]
[BlackElo "2299"]
[Annotator "NA"]
[PlyCount "44"]
[EventDate "2017.05.26"]
[EventType "swiss"]
[EventCountry "IND"]
[SourceTitle "playchess.com"]
[Source "ChessBase"]
[SourceQuality "1"]
[TimeControl "5400+30"]

1. e4 c6 2. d4 d5 3. Nd2 dxe4 4. Nxe4 Bf5 5. Ng3 Bg6 6. Nh3 e6 7. Bc4 Bd6 8. O-O Nf6 9. Nf4 Qc7 10. Qf3 Nbd7 11. Bxe6 fxe6 12. Nxe6 Qa5 13. Nf5 Bf8 14. Nexg7+ Bxg7 15. Qe2+ Kd8 16. Qe7+ Kc7 17. Nxg7 b6 18. Bg5 Ne4 19. Bf4+ Kc8 20. f3 Nef6 21. c4 Rg8 22. b4 Rxg7 1-0

[Event "10th KiiT Festival 2017"]
[Site "Bhubaneshwar"]
[Date "2017.05.27"]
[Round "3"]
[White "Pinge, Shubham D"]
[Black "Tukhaev, Adam"]
[Result "1/2-1/2"]
[WhiteElo "2017"]
[BlackElo "2557"]
[Annotator "TA"]
[PlyCount "89"]
[EventDate "2017.05.26"]
[EventType "swiss"]
[EventCountry "IND"]
[SourceTitle "playchess.com"]
[Source "ChessBase"]
[SourceQuality "1"]

{[%evp 10,89,-2,-25,0,0,16,-6,5,-1,0,-25,-25,-32,-29,-66,-73,-70,-73,-77,-77,-66,-69,-130,-122,-134,-68,-64,-74,-80,-65,-71,-64,-56,-52,-86,-53,-45,-62,-77,-37,-54,-40,-51,-6,-17,0,0,920,0,0,0,0,0,0,0,4,0,37,31,40,39,35,0,0,0,0,0,0,0,0,0,0,0,0,0,0,0,0,0,0,0]} 1. e4 c5 2. Nf3 e6 3. d4 cxd4 4. Nxd4 Nc6 5. Be3 Nf6 6. Nd2 {LiveBook: 22 Games} (6. Bd3 {with more complications.} d5 7. Nc3 Bb4 8. exd5 Nxd5 9. Nxc6 bxc6 10. O-O) 6... d6 {B44: Sicilian: Taimanov: 5 Nb5} (6... Be7 7. g3 d5 8. Bg2 O-O 9. O-O e5 10. Nxc6 bxc6 11. exd5 cxd5 12. c4 Bg4 13. Qa4 d4 14. Bg5 Rb8 15. Qxa7 Rxb2 {0-1 (32) Gomes,B (2235)-Korneev,O (2590) Caldas da Rainha 2014}) 7. Be2 Be7 8. O-O O-O 9. f4 Bd7 10. Bf3 e5 $146 ({Predecessor:} 10... Qc7 11. c3 Rad8 12. Qe2 a6 13. Qf2 Qc8 14. Rad1 e5 15. Nxc6 Bxc6 {1-0 (51) Balazs,I (2114)-Boronyak,A (2215) Hungary 2015}) 11. Nxc6 Bxc6 12. Qe2 exf4 13. Bxf4 Qb6+ 14. Kh1 Qxb2 15. Nc4 Qb5 16. Rab1 (16. a4 $1 $15 Qa6 17. Qd3) 16... Qa6 $17 17. Bxd6 Rfe8 (17... Rae8 $17 18. e5 Bxd6 19. Nxd6 Qxe2 20. Bxe2 Rxe5) 18. Bxe7 $15 Rxe7 19. e5 Bb5 20. Qf2 Bxc4 21. exf6 Qxf6 22. Rfe1 $1 Ba6 23. Rxe7 Qxe7 24. Bd5 Rd8 25. c4 b6 26. Re1 $1 {[%cal Re1e7]} Qf6 27. Qe2 {Intending Qe8+! and mate.} g6 (27... h6 {is interesting.} 28. Rf1 Qd4 29. Bxf7+ Kh8 30. h3 Rc8) 28. Rf1 {[#]} Qxf1+ $1 {[%mdl 512]} 29. Qxf1 Rxd5 $1 $11 {[%mdl 4096] Endgame KQ-KRB} 30. Kg1 Rc5 31. Qf4 Bxc4 32. Qb8+ Kg7 33. Qxa7 Rf5 {[%csl Gc4][%cal Rf5f1] [#]} 34. h4 {[%mdl 1024] White has compensation.} Rb5 35. Qd7 Rb1+ 36. Kf2 {aiming for Qd4+.} Rf1+ {The position is equal.} 37. Ke3 {Hoping for Qd4+.} Re1+ 38. Kf4 {Strongly threatening Qd4+.} Rf1+ 39. Ke3 {Qd4+ is the strong threat.} Bxa2 40. Qd4+ f6 41. Qxb6 {Threatens to win with Qa6.} Bf7 42. Qd4 h5 43. Ke2 Rf5 44. Qd7 Rf4 45. g3 {Precision: White = 59%, Black = 58%.} 1/2-1/2

[Event "10th KiiT Festival 2017"]
[Site "Bhubaneshwar"]
[Date "2017.05.27"]
[Round "3"]
[White "Matta Besh Vignesh Reddy"]
[Black "Nitin, S.."]
[Result "0-1"]
[WhiteElo "1687"]
[BlackElo "2426"]
[Annotator "TA"]
[PlyCount "96"]
[EventDate "2017.05.26"]
[EventType "swiss"]
[EventCountry "IND"]
[SourceTitle "playchess.com"]
[Source "ChessBase"]
[SourceQuality "1"]

{[%evp 11,96,8,25,14,19,1,8,27,27,7,18,16,34,-7,0,-32,-24,-28,-29,-29,-25,-33,-36,-27,-22,-24,-16,-33,-42,-39,-46,-61,-64,-74,-72,-69,-55,-52,-60,-64,-16,-28,0,-55,-10,-25,-25,-52,-56,-55,-29,-83,-80,-309,-298,-416,-417,-411,-297,-396,-236,-241,-222,-238,-230,-219,-190,-209,-206,-200,-205,-238,-152,-181,-172,-179,-103,-456,-108,-386,-380,-784,-779,-29994,-29995,-29995,-29996]} 1. e4 c5 2. Nf3 d6 3. Bb5+ Nd7 4. c3 Ngf6 5. Qe2 a6 6. Ba4 e5 7. O-O {B51: Sicilian: Moscow Variation (3 Bb5+) without 3...Bd7} Be7 8. Rd1 O-O (8... c4 $5) 9. d4 {The position is equal.} Qc7 10. Bc2 b5 11. a4 Rb8 12. d5 c4 13. Nfd2 $146 ({Predecessor:} 13. axb5 axb5 14. b4 cxb3 15. Bxb3 Nc5 16. Bc2 Bd7 17. Ba3 Ra8 18. Nbd2 {0-1 (44) Kryvoruchko,Y (2707)-Carlsen,M (2881) Dubai 2014}) 13... Nc5 14. Na3 Bg4 15. f3 Bd7 16. Nf1 Nh5 17. g3 g6 18. Bh6 Rfe8 19. Nd2 Bf8 20. Be3 f5 21. Rdb1 f4 22. Bf2 fxg3 23. hxg3 Qd8 24. Nf1 Qg5 25. Kh2 Qh6 {( -> ...Nxg3+!)} 26. Kg1 Qg5 27. Kh2 $1 Nf6 28. axb5 axb5 29. Kg1 Nh5 $36 {[%mdl 2048] Black fights for an advantage.} 30. Kh2 Qf6 31. Ne3 {[#]} (31. b4 $11 cxb3 32. Bxb3) 31... Nd3 $1 $17 {[%mdl 512]} 32. Bxd3 $2 (32. Ng4 $17 Bxg4 33. fxg4 Qxf2+ 34. Qxf2 Nxf2 35. gxh5) 32... cxd3 $19 33. Qxd3 Qxf3 34. Rf1 Nf6 35. Nac2 Nxe4 (35... Bh6 $142 {And now ...b4 would win.} 36. Ne1 Qh5+ 37. Kg1 Bh3) 36. Qd1 Qxd1 37. Raxd1 Bh6 {White must now prevent ...b4!} 38. Bg1 Rf8 39. Rxf8+ Rxf8 40. Ra1 Rf3 41. Ra7 Be8 {Strongly threatening ...Bf7.} (41... Rxg3 42. Rxd7 Bf4 43. Kh1 $11) 42. Ra8 Kf8 ({Inferior is} 42... Rxg3 43. Rxe8+ Kf7 44. Ra8 $11) 43. c4 {With the idea cxb5.} b4 ({Not} 43... Nxg3 44. Kg2 $11) ({Weaker is} 43... Rxg3 44. cxb5 Kf7 45. b6 $11) (43... Bxe3 $19 44. Nxe3 bxc4) 44. Ng4 $2 {[%mdl 8192]} (44. c5 $17 {was the crucial defense.} Bxe3 45. Nxe3 dxc5 46. g4) 44... Bg7 $2 (44... Rb3 $19 45. Nce3 Rxb2+ 46. Ng2 Bg7) 45. Rb8 $2 {[%mdl 8192] [#]} (45. Nge3 $17) 45... Rd3 $1 {[%cal Rd3d2] aiming for ...Rd2+.} 46. Nxb4 $2 (46. Ne1 Rd2+ 47. Ng2 Rxb2 48. Be3) 46... Rd2+ 47. Kh3 Ng5+ 48. Kh4 Nf3+ {Precision: White = 39%, Black = 60%.} 0-1